| 000 | 00408 a2200169 4500 | ||
|---|---|---|---|
| 000 | nam a22 7a 4500 | ||
| 001 | 1938 | ||
| 005 | 20260410124825.0 | ||
| 020 | _a978-123-432-12-1 | ||
| 100 | _aS.P. Gupta | ||
| 110 | _aS.P. Gupta | ||
| 245 | _aFundamental of Information Technology | ||
| 250 | _a1st Edition | ||
| 260 |
_bABC Publication _c2025 |
||
| 264 |
_bABC Publication _c2025 |
||
| 942 | _cBK | ||
| 999 |
_c1938 _d1938 |
||